| 000 | 00703nam a2200229Ia 4500 | ||
|---|---|---|---|
| 008 | 180523s9999 xx 000 0 und d | ||
| 020 | _a971-834-064-5 | ||
| 050 | _aMAIN BV 4596.B8 | ||
| 050 | _b.D37 2002 | ||
| 100 | _aDarden, Robert | ||
| 245 | 0 | _aCorporate giants : | |
| 245 | 0 | _bpersonal stories of faith and finance / | |
| 245 | 0 | _cRobert Darden and P.J. Richardson. | |
| 260 | _aManila : | ||
| 260 | _bLighthous Inspirational Books & Gifts. | ||
| 260 | _c2002 | ||
| 300 | _a303 pages : | ||
| 300 | _c22 cm. | ||
| 500 | _aIncludes bibliographical references. | ||
| 650 | _aBusinessmen -- United states -- Religious life. | ||
| 650 | _xBusiness -- Religious aspects -- Christianity. | ||
| 999 |
_c356600 _d356600 |
||